000 00834cam a22002897a 4500
003 CHAP
005 20220817042116.0
008 971013s1954 r 00010 d
010 _a34797
011 _a35769
035 _a39886
040 _cCHAP
082 _a630.984
_bF3
110 _aFAO
245 1 3 _aLa agricultura en el altiplano de Bolivia
260 _aRoma :
_bFAO,
_c1954
300 _a51 p.
_b: ilus.
490 0 _aFAO. Cuadernos de fomento agropecuario
_v; 4
590 _aBATCH-UPD
_b10
_c20130110
_lUCH01
_h1918
590 _aCONVERSION
_b10
_c20130109
_lUCH01
_h1319
650 1 4 _aAgricultura
_xBolivia.
_91340
700 0 _aDion, H. G.
_932642
830 0 _aFAO. Cuadernos de fomento agropecuario
_v; 4
_939507
901 _aBK
942 _cLIBRO
949 _a630.984 F3
_bBC
_cFAO
_d-90973
_eFAO1
_h20466
_i39886
_si
999 _c34797
_d34797